UEFA Champions League winners by year - Statistics

General Stats
  • This quiz has been taken 1,437 times
    1,357 since last reset
  • The average score is 41 of 64
Answer Stats
Year Answer % Correct
2019 Liverpool
99%
2018 Real Madrid
99%
2017 Real Madrid
98%
2016 Real Madrid
98%
2015 Barcelona
97%
2014 Real Madrid
96%
2013 Bayern Munich
95%
2012 Chelsea
94%
2011 Barcelona
93%
2009 Barcelona
91%
2010 Internazionale
91%
2008 Manchester United
90%
2007 AC Milan
89%
2005 Liverpool
87%
2006 Barcelona
86%
2004 Porto
85%
2002 Real Madrid
80%
2003 AC Milan
78%
1999 Manchester United
73%
2001 Bayern Munich
72%
2000 Real Madrid
72%
1997 Borussia Dortmund
67%
1956 Real Madrid
66%
1957 Real Madrid
65%
1996 Juventus
64%
1960 Real Madrid
64%
1959 Real Madrid
64%
1958 Real Madrid
64%
1998 Real Madrid
63%
1993 Marseille
60%
1994 AC Milan
58%
1995 Ajax
58%
1992 Barcelona
56%
1961 Benfica
56%
1962 Benfica
54%
1991 Red Star Belgrade
53%
1990 AC Milan
52%
1971 Ajax
51%
1980 Nottingham Forest
51%
1979 Nottingham Forest
51%
1989 AC Milan
50%
1973 Ajax
50%
1972 Ajax
50%
1976 Bayern Munich
48%
1975 Bayern Munich
48%
1974 Bayern Munich
48%
1982 Aston Villa
47%
1977 Liverpool
47%
1988 PSV Eindhoven
47%
1963 AC Milan
46%
1967 Celtic
46%
1964 Internazionale
46%
1981 Liverpool
46%
1978 Liverpool
46%
1984 Liverpool
44%
1966 Real Madrid
44%
1970 Feyenoord
43%
1983 Hamburg
43%
1965 Internazionale
43%
1968 Manchester United
43%
1986 Steaua Bucuresti
43%
1985 Juventus
42%
1969 AC Milan
41%
1987 Porto
40%
No matching quizzes found
Score Distribution
Percent of People with Each Score
Percentile by Number Answered
Your Score History
You have not taken this quiz since the last reset